00254pam a2200121 a 4500020000500000041000500005082001500010100001800025245003900043250001000082260002900092300001100121 c h a741.6bCAL aCalver Giles. aRetail GraphicshTextual Documents a2001. aAmericabRotovision Book aH/158.